000 00610nam a2200241 a 4500
001 nice12345678
003 IN_TiNIC
005 20260116013011.0
008 050524s1892 lona grp 000 0 eng
020 _a
_c100
082 0 0 _a221.9
_bKIR
100 _aKirk Patrick, A F
245 _aDivine Library of the Old Testament
_b Five Lecture.
260 _aLondon
_bMacmillan and Co.
_c1892
300 _a155p
500 _aincludes index and biblioraphy
505 2 _aBibliography
650 _aBible O.T. History
700 1 _aKirk Patrick, A F
902 _bSRS
942 _cBK
999 _c9224
_d9224